Getting things done : (Record no. 3971)

MARC details
000 -LEADER
fixed length control field 00511pam a2200181 4500
001 - CONTROL NUMBER
control field 4786
005 - DATE AND TIME OF LATEST TRANSACTION
control field 20181127174119.0
008 - FIXED-LENGTH DATA ELEMENTS--GENERAL INFORMATION
fixed length control field 870331t19871965nyu 001 0 eng
020 ## - INTERNATIONAL STANDARD BOOK NUMBER
International Standard Book Number 9780349410159
Terms of availability
100 1# - MAIN ENTRY--PERSONAL NAME
Personal name Allen, David.
245 14 - TITLE STATEMENT
Title Getting things done :
Statement of responsibility, etc.
Remainder of title the art of stress-free productivity /
Statement of responsibility, etc. David Allen.
250 ## - EDITION STATEMENT
Edition statement 1st Fireside ed.
260 ## - PUBLICATION, DISTRIBUTION, ETC.
Place of publication, distribution, etc. London :
Name of publisher, distributor, etc. Piatkus,
Date of publication, distribution, etc. 2015.
300 ## - PHYSICAL DESCRIPTION
Extent 317 p. ;
Dimensions 21 cm.
500 ## - GENERAL NOTE
General note """"A Fireside book.""""
General note Includes index.
650 #0 - SUBJECT ADDED ENTRY--TOPICAL TERM
Topical term or geographic name entry element Success.
Holdings
Withdrawn status Lost status Source of classification or shelving scheme Damaged status Not for loan Collection code Home library Current library Shelving location Date acquired Serial Enumeration / chronology Inventory number Total Checkouts Total Renewals Full call number Barcode Date last seen Date last checked out Copy number Price effective from Koha item type
    Dewey Decimal Classification     Popular Collection RTC Library RTC Library Popular Collection 27/04/2021 7553 6 2 158 ALL 30007665 15/12/2025 31/10/2025 1 27/11/2018 Main
    Dewey Decimal Classification     Main TEST RTC Library RTC Library Main opac 06/04/2022 7552 5 2 158 ALL 30007696 31/03/2025 19/08/2022 2 27/11/2018 Main
    Dewey Decimal Classification     Main TEST RTC Library RTC Library Main opac 16/08/2023 7551 7 3 158 ALL 30007688 09/04/2025 20/03/2025 3 27/11/2018 Main
Royal Thimphu College || All Right Reserved